Historia de los Papas en la época moderna /

Historia de los Papas desde el siglo XVI hasta fines del pontificado de Pío IX (1846-1878), escrita por el autor alemán Leopold Van Ranke (1795-1886), quien propone exponer el desarrollo del papado, su incidencia sobre la historia universal y su ubicación en el contexto de la historia general. Ranke...

Celý popis

Uloženo v:
Podrobná bibliografie
Hlavní autor: Ranke, Leopold von (autor)
Další autoři: Imaz, Eugenio (traducción) (traducción)
Médium: Kniha
Jazyk:španělština
Vydáno: México : Fondo de Cultura Económica, 1951, c1951
Vydání:2a edición
Edice:(Obras Históricas. Grandes Estudios) [s.n.]
Témata:
Tagy: Přidat tag
Žádné tagy, Buďte první, kdo vytvoří štítek k tomuto záznamu!

MARC

LEADER 00000nam^a2200000^a^4500
001 000106518
005 20250521000000.0
009 20260310093538.087
037 |a Acervo ITESO - Biblioteca 
041 |a ESP 
082 |a 282. 1  |b RAN 
100 |a Ranke, Leopold von  |e (autor) 
240 1 1 |a [Historia de los Papas en la época moderna] 
245 1 0 |a Historia de los Papas en la época moderna /  |c L. von Ranke ; tr. por E. Imaz. 
246 2 |a Título en la cubierta: Historia de los Papas 
250 |a 2a edición 
264 4 |a México :  |b Fondo de Cultura Económica,  |c 1951, c1951 
300 |a 628 p., [40] láminas :  |b tapa dura 
336 |a texto  |b txt  |2 rdacontenido 
337 |a sin mediación  |b n  |2 rdamedio 
338 |a volumen  |b nc  |2 rdasoporte 
440 1 |a (Obras Históricas.  |p Grandes Estudios) [s.n.] 
500 |a Traducción de: Die römischen Päpste in den letzten vier Jahrhunderten 
520 |a Historia de los Papas desde el siglo XVI hasta fines del pontificado de Pío IX (1846-1878), escrita por el autor alemán Leopold Van Ranke (1795-1886), quien propone exponer el desarrollo del papado, su incidencia sobre la historia universal y su ubicación en el contexto de la historia general. Ranke, un defensor férreo del uso de las fuentes primarias en el quehacer historiográfico, desarrolló su investigación con apoyo en la consulta de colecciones documentales privadas de Viena, Venecia y Roma, entre otras ciudades europeas, pero dada su condición de protestante, le fue impedido el acceso a los acervos vaticanos. El autor, cuyo primer libro fuera una Historia de los Papas latinos y teutones de 1494 a 1514 (1824), publicó originalmente este trabajo en una versión limitada a los siglos XVI y XVII (1834-1836) y lo amplió y revisó sucesivamente hasta llegar a la sexta edición en alemán (1874), en la que está basada la presente traducción al español. 
590 |a Traducción de la 6a edición en alemán 
649 |a XX 
650 |a Papas -  |x Historia -  |x Tema Principal 
650 |a Iglesia Católica -  |x Historia -  |x Tema Principal 
650 |a Catolicismo -  |x Historia 
650 |a Cristianismo -  |x Historia 
650 |a Religión -  |x Historia 
650 |a Europa -  |x Historia 
650 |a Historia Moderna 
650 |a Historia Universal 
700 |a Imaz, Eugenio  |e (traducción) 
910 |a Fondo Jesús Rodríguez 
920 |a Impresos - Libros 
930 |a Fondos Especiales 
905 |a 113 
901 |a 0500042682  |b IT2  |c ESP  |u 20250521 
902 |a https://opac.biblio.iteso.mx/vufind/Record/000106518